000 00608nam a2200205Ia 4500
003 LDD
008 181029s9999 xx 000 0 und d
020 _a9780415304887
_cP 35.99
040 _cLDD
100 _aRobinson, Jennifer
245 0 _aOrdinary Cities
_bbetween modernity and development
_cJennifer Robinson
260 _aNew York
_bRoutledge
_c2006
300 _axiv, 204:
365 _bP 35.99
440 _aQuestioning cities
901 _a15300
_b03-02-2017
902 _a816
_b09-02-2017
_cF
_dSELECT
_e31
903 _aDiscount-50
_bReqst by : Archna Singh
942 _2ddc
_cBK
999 _c120539
_d120539